<?xml version="1.0" encoding="UTF-8"?>
<collection xmlns="http://www.loc.gov/MARC21/slim">
 <record>
  <leader>02734nam a2200313 a 4500</leader>
  <controlfield tag="001">TVCDKTCT9092</controlfield>
  <controlfield tag="003">Thư viện trường Cao đẳng Kỹ thuật Cao Thắng</controlfield>
  <controlfield tag="005">20221020081837.000</controlfield>
  <controlfield tag="008">080421</controlfield>
  <datafield tag="980" ind1="\" ind2="\">
   <subfield code="a">Thư viện Trường CĐ Kỹ Thuật Cao Thắng</subfield>
  </datafield>
  <datafield tag="024" ind1=" " ind2=" ">
   <subfield code="a">RG_1 #1 eb0 i1</subfield>
  </datafield>
  <datafield tag="041" ind1="0" ind2="#">
   <subfield code="a">vie</subfield>
  </datafield>
  <datafield tag="082" ind1="#" ind2="#">
   <subfield code="a">621.82 / </subfield>
   <subfield code="b">N312T-d</subfield>
  </datafield>
  <datafield tag="100" ind1="1" ind2="#">
   <subfield code="a">Ninh Đức Tốn</subfield>
  </datafield>
  <datafield tag="245" ind1="0" ind2="0">
   <subfield code="a">Dung sai và lắp ghép / </subfield>
   <subfield code="c">Ninh Đức Tốn</subfield>
  </datafield>
  <datafield tag="250" ind1="#" ind2="#">
   <subfield code="a">Tái bản lần thứ 5</subfield>
  </datafield>
  <datafield tag="260" ind1="#" ind2="#">
   <subfield code="a">H. : </subfield>
   <subfield code="b">Giáo dục , </subfield>
   <subfield code="c">2007</subfield>
  </datafield>
  <datafield tag="300" ind1="#" ind2="#">
   <subfield code="a">175tr. ; </subfield>
   <subfield code="c">27cm</subfield>
  </datafield>
  <datafield tag="520" ind1="#" ind2="#">
   <subfield code="a">Tài liệu chuẩn bị cho người đọc các bản vẽ thiết kế và công nghệ, tạo khả năng đảm bảo tính công nghệ cần thiết và chất lượng cao của sản phẩm, nêu lên những nguyên tắc cơ bản để lựa chọn dung sai cho các thông số hình học chi tiết và lắp ghép cho các mối ghép theo tiêu chuẩn nhà nước. Bên cạnh đó, tài liệu cũng giới thiệu những tiêu chuẩn nhà nước đã được biên soạn theo tiêu chuẩn quốc tế ISO.</subfield>
  </datafield>
  <datafield tag="520" ind1="#" ind2="#">
   <subfield code="a">Tài liệu cũng giành một phần nội dung để giới thiệu phạm vi ứng dụng của các kiểu lắp tiêu chuẩn và hướng dẫn cách lựa chọn dung sai trong những trường hợp cụ thể, đồng thời cũng giới thiệu một số bảng tiêu chuẩn chủ yếu ở phần phụ lục để giúp bạn đọc có thể sử dụng cho công việc thiết kế của mình.</subfield>
  </datafield>
  <datafield tag="520" ind1="#" ind2="#">
   <subfield code="a">Trong chương 4, dung sai lắp ghép bề mặt trụ trơn, ổ lăn, then, then hoa được trình bày thống nhất trong một chương, đó là dựa trên khái niệm &quot;dung sai lắp ghép bề mặt trơn&quot; (lắp ghép bề mặt trụ trơn và bề mặt phẳng) và dựa trên cùng một hệ thống ISO  về dung sai lắp ghép, TCVN 2244-99 và TCVN 2245-99.</subfield>
  </datafield>
  <datafield tag="650" ind1="#" ind2="4">
   <subfield code="a">Dung sai kỹ thuật đo</subfield>
  </datafield>
  <datafield tag="653" ind1="#" ind2="#">
   <subfield code="a">Tolerance - Measurement Techniques</subfield>
  </datafield>
  <datafield tag="653" ind1="#" ind2="4">
   <subfield code="a">Mechanical Engineering Technology</subfield>
  </datafield>
  <datafield tag="721" ind1="#" ind2="#">
   <subfield code="a">03. CNKT Cơ khí</subfield>
  </datafield>
  <datafield tag="721" ind1="#" ind2="#">
   <subfield code="a">04. CNKT Ô tô</subfield>
  </datafield>
  <datafield tag="721" ind1="#" ind2="#">
   <subfield code="a">10. Cơ khí chế tạo (Cắt gọt kim loại)</subfield>
  </datafield>
  <datafield tag="721" ind1="#" ind2="#">
   <subfield code="a">11. Sửa chữa cơ khí (Nguội sửa chữa máy công cụ)</subfield>
  </datafield>
  <datafield tag="841" ind1="#" ind2="#">
   <subfield code="b">Kho Sách </subfield>
   <subfield code="j">100023971, 100023977, 100023981, 100023985, 100023989, 100023996, 100023997, 100023999, 100024012, 100024017</subfield>
  </datafield>
 </record>
</collection>
